[Event "Eger Agria op"]
[Site "Eger"]
[Date "2005.07.28"]
[Round "5"]
[White "Kaposztas, Miklos"]
[Black "Krivolapov, Konstantin"]
[Result "1/2-1/2"]
[WhiteElo "2260"]
[BlackElo "2352"]
[PlyCount "21"]
[EventDate "2005.07.18"]
[EventType "swiss"]
[EventRounds "9"]
[EventCountry "HUN"]
[SourceTitle "EXT 2008"]
[Source "ChessBase"]
[SourceDate "2007.11.25"]
[SourceVersion "1"]
[SourceVersionDate "2007.11.25"]
[SourceQuality "1"]

1. e4 e5 2. Nf3 Nf6 3. Nxe5 d6 4. Nf3 Nxe4 5. d3 Nf6 6. d4 Be7 7. h3 Bf5 8. Bd3 Bxd3 9. Qxd3 c6 10. 0-0 0-0 11. Nc3 1/2-1/2

[Event "Nyiregyhaza op"]
[Site "Nyiregyhaza"]
[Date "2005.07.17"]
[Round "9"]
[White "Zakharchenko, Arnold"]
[Black "Krivolapov, Konstantin"]
[Result "1-0"]
[WhiteElo "2258"]
[BlackElo "2352"]
[PlyCount "46"]
[EventDate "2005.07.09"]
[EventType "swiss"]
[EventRounds "9"]
[EventCountry "HUN"]
[SourceTitle "EXT 2008"]
[Source "ChessBase"]
[SourceDate "2007.11.25"]
[SourceVersion "1"]
[SourceVersionDate "2007.11.25"]
[SourceQuality "1"]

1. d4 Nf6 2. c4 e6 3. Nc3 Bb4 4. e3 0-0 5. Bd3 c5 6. Nf3 d5 7. 0-0 b6 8. cxd5 exd5 9. Ne5 Ba6 10. Bxa6 Nxa6 11. Qa4 cxd4 12. Ne2 Qe8 13. Qxa6 Qxe5 14. Nxd4 Bd6 15. Nf3 Qh5 16. h3 Ne4 17. b3 f5 18. Qd3 f4 19. exf4 Nc5 20. Qd1 Bxf4 21. Nd4 Rf6 22. Bxf4 Rxf4 23. Ne2 Rf7 1-0

[Event "Gyongyos Matra Cup"]
[Site "Gyongyos"]
[Date "2004.08.05"]
[Round "9"]
[White "Krivolapov, Konstantin"]
[Black "Eberth, Zoltan"]
[Result "1/2-1/2"]
[WhiteElo "2368"]
[BlackElo "2126"]
[PlyCount "165"]
[EventDate "2004.07.27"]
[EventType "swiss"]
[EventRounds "9"]
[EventCountry "HUN"]
[SourceTitle "EXT 2008"]
[Source "ChessBase"]
[SourceDate "2007.11.25"]
[SourceVersion "1"]
[SourceVersionDate "2007.11.25"]
[SourceQuality "1"]

1. e4 c5 2. c3 d6 3. d4 Nf6 4. dxc5 Nc6 5. Bc4 dxc5 6. Qxd8+ Nxd8 7. e5 Nd7 8. f4 a6 9. a4 Nb6 10. Bd3 Bd7 11. a5 Bc6 12. Ne2 Nd7 13. 0-0 f6 14. exf6 gxf6 15. Ng3 e6 16. Na3 f5 17. Be2 Nf6 18. Bf3 Bd5 19. Nh5 Nxh5 20. Bxh5+ Kd7 21. Bf3 Bd6 22. Be3 Nc6 23. Rad1 Ne7 24. Rd2 Kc7 25. Rfd1 Bxf3 26. gxf3 Nd5 27. Nc4 Nxe3 28. Nxe3 Rad8 29. Ng2 c4 30. Kf1 Bc5 31. Rxd8 Rxd8 32. Rxd8 Kxd8 33. Ke2 Bg1 34. h3 Kc7 35. Ne3 Bh2 36. Nxc4 Bxf4 37. Kd3 e5 38. Nb6 Kc6 39. c4 e4+ 40. fxe4 fxe4+ 41. Kxe4 Bd2 42. Nd5 Bxa5 43. Ke5 Be1 44. Nf6 Bh4 45. Ne4 a5 46. b3 b6 47. Kd4 Be7 48. Kc3 Bf8 49. Kd3 Bg7 50. Kc2 Be5 51. Ng5 h6 52. Ne4 Kd7 53. b4 Ke6 54. c5 Kd5 55. cxb6 axb4 56. Nd2 Bf4 57. b7 Kc6 58. Kb3 Kxb7 59. Kxb4 Kc6 60. Kc4 Bxd2 61. Kd3 Bg5 62. Ke4 Kd6 63. Kf3 Ke5 64. h4 Bc1 65. h5 Kf5 66. Kg3 Kg5 67. Kh3 Kxh5 68. Kg3 Kg5 69. Kh3 Bf4 70. Kg2 Kg4 71. Kh1 h5 72. Kg2 h4 73. Kh1 Be3 74. Kg2 Bf4 75. Kh1 Kf3 76. Kg1 Be3+ 77. Kh2 Kf2 78. Kh1 Bg5 79. Kh2 Kf1 80. Kh1 h3 81. Kh2 Bf4+ 82. Kxh3 Bg3 83. Kxg3 1/2-1/2

[Event "Gyongyos Matra Cup"]
[Site "Gyongyos"]
[Date "2003.07.31"]
[Round "9"]
[White "Krivolapov, Konstantin"]
[Black "Barva, Attila"]
[Result "1/2-1/2"]
[WhiteElo "2365"]
[BlackElo "2342"]
[PlyCount "24"]
[EventDate "2003.07.22"]
[EventType "swiss"]
[EventRounds "9"]
[EventCountry "HUN"]
[SourceTitle "EXT 2005"]
[Source "ChessBase"]
[SourceDate "2004.11.15"]
[SourceVersion "1"]
[SourceVersionDate "2004.11.15"]
[SourceQuality "1"]

1. e4 e6 2. d4 d5 3. exd5 exd5 4. Nf3 Nf6 5. Bd3 Bd6 6. 0-0 0-0 7. Bg5 Bg4 8. c3 c6 9. Nbd2 Nbd7 10. Bh4 Bh5 11. Bg3 Qc7 12. Qc2 Bg6 1/2-1/2

[Event "Gyongyos Matra Cup"]
[Site "Gyongyos"]
[Date "2003.07.29"]
[Round "7"]
[White "Krivolapov, Konstantin"]
[Black "Torok, Sandor"]
[Result "1/2-1/2"]
[WhiteElo "2365"]
[BlackElo "2290"]
[PlyCount "84"]
[EventDate "2003.07.22"]
[EventType "swiss"]
[EventRounds "9"]
[EventCountry "HUN"]
[SourceTitle "EXT 2005"]
[Source "ChessBase"]
[SourceDate "2004.11.15"]
[SourceVersion "1"]
[SourceVersionDate "2004.11.15"]
[SourceQuality "1"]

1. e4 Nf6 2. Nc3 d6 3. d4 g6 4. h3 Bg7 5. Be3 Nbd7 6. Qd2 c6 7. a4 0-0 8. g4 e5 9. Bg2 d5 10. exd5 Nxd5 11. Nxd5 cxd5 12. dxe5 Nxe5 13. Qxd5 Qf6 14. g5 Qe7 15. Qc5 Qe8 16. Ne2 b6 17. Qb5 Bd7 18. Qb3 Rc8 19. Nd4 Ng4 20. 0-0 Qe5 21. Rad1 Nxe3 22. Qxe3 Bxa4 23. Qxe5 Bxe5 24. b3 Be8 25. c4 a5 26. f4 Bb8 27. Bd5 h6 28. f5 Be5 29. fxg6 Bxd4+ 30. Rxd4 hxg5 31. Rg4 Kg7 32. gxf7 Bxf7 33. Rxg5+ Kh6 34. Rg3 Bxd5 35. cxd5 b5 36. Rxf8 Rxf8 37. d6 Rd8 38. Rd3 a4 39. bxa4 bxa4 40. Kf2 a3 41. Rxa3 Rxd6 42. Kg3 Rd4 1/2-1/2

[Event "Gyongyos Matra Cup"]
[Site "Gyongyos"]
[Date "2003.07.27"]
[Round "5"]
[White "Antal, Attila"]
[Black "Krivolapov, Konstantin"]
[Result "0-1"]
[WhiteElo "2113"]
[BlackElo "2365"]
[PlyCount "76"]
[EventDate "2003.07.22"]
[EventType "swiss"]
[EventRounds "9"]
[EventCountry "HUN"]
[SourceTitle "EXT 2005"]
[Source "ChessBase"]
[SourceDate "2004.11.15"]
[SourceVersion "1"]
[SourceVersionDate "2004.11.15"]
[SourceQuality "1"]

1. e4 c5 2. Nf3 Nc6 3. Bb5 g6 4. Bxc6 dxc6 5. Nc3 Bg7 6. d3 Nf6 7. Be3 Nd7 8. 0-0 e5 9. Nd2 0-0 10. g3 Qe7 11. f4 exf4 12. gxf4 Nf6 13. Qf3 Ng4 14. Kh1 f5 15. Rae1 fxe4 16. Ndxe4 Nxe3 17. Rxe3 Bd4 18. Re2 Qh4 19. Qg3 Qh5 20. Qg5 Qh3 21. Qg2 Bg4 22. Ng5 Qxg2+ 23. Rxg2 Bd7 24. Re2 Rae8 25. Rxe8 Rxe8 26. Nce4 b6 27. Nf3 Bg7 28. Kg2 Bf5 29. Nfd2 Kf8 30. Kf3 Bxb2 31. c3 Rd8 32. Ke3 Bxc3 33. Nc4 Bd4+ 34. Ke2 Ke7 35. a4 b5 36. Na5 Kd7 37. Rc1 c4 38. dxc4 Bxe4 0-1

[Event "Nyiregyhaza op"]
[Site "Nyiregyhaza"]
[Date "2003.07.06"]
[Round "2"]
[White "Krivolapov, Konstantin"]
[Black "Valko, Krisztian"]
[Result "1-0"]
[WhiteElo "2365"]
[BlackElo "2145"]
[PlyCount "37"]
[EventDate "2003.07.05"]
[EventType "swiss"]
[EventRounds "9"]
[EventCountry "HUN"]
[SourceTitle "EXT 2005"]
[Source "ChessBase"]
[SourceDate "2004.11.15"]
[SourceVersion "1"]
[SourceVersionDate "2004.11.15"]
[SourceQuality "1"]

1. e4 e5 2. Bc4 Bc5 3. Qg4 Qf6 4. Nc3 c6 5. Qg3 Ne7 6. d3 h6 7. Nge2 d6 8. f4 b5 9. fxe5 Qxe5 10. Bf4 Qf6 11. Bb3 g5 12. Be3 Bxe3 13. Qxe3 Be6 14. Rf1 Qe5 15. d4 Qxh2 16. Bxe6 fxe6 17. Qf3 Na6 18. 0-0-0 d5 19. g3 1-0

[Event "Gyongyos Matra op 25th"]
[Site "Gyongyos"]
[Date "2002.08.01"]
[Round "9.3"]
[White "Krivolapov, Konstantin"]
[Black "Biro, Sandor"]
[Result "1/2-1/2"]
[WhiteElo "2371"]
[BlackElo "2341"]
[PlyCount "45"]
[EventDate "2002.08.04"]
[EventType "swiss"]
[EventRounds "9"]
[EventCountry "HUN"]
[SourceTitle "EXT 2004"]
[Source "ChessBase"]
[SourceDate "2003.11.25"]
[SourceVersion "1"]
[SourceVersionDate "2003.11.25"]
[SourceQuality "1"]

1. e4 e5 2. Nf3 Nc6 3. Nc3 Nf6 4. d4 exd4 5. Nxd4 Bb4 6. Nxc6 bxc6 7. Bd3 d5 8. exd5 cxd5 9. 0-0 0-0 10. Bg5 c6 11. Na4 Bd6 12. c4 h6 13. Bh4 d4 14. Qf3 Rb8 15. Bxf6 Qxf6 16. Qxf6 gxf6 17. c5 Bc7 18. b3 Rd8 19. Rfe1 Kf8 20. Rad1 Be6 21. Re2 Ba5 22. f3 f5 23. f4 1/2-1/2

[Event "Gyongyos Matra op 25th"]
[Site "Gyongyos"]
[Date "2002.07.28"]
[Round "5.2"]
[White "Krivolapov, Konstantin"]
[Black "Szatmary, Revay Jozsef"]
[Result "1-0"]
[WhiteElo "2371"]
[BlackElo "2189"]
[PlyCount "59"]
[EventDate "2002.08.04"]
[EventType "swiss"]
[EventRounds "9"]
[EventCountry "HUN"]
[SourceTitle "EXT 2004"]
[Source "ChessBase"]
[SourceDate "2003.11.25"]
[SourceVersion "1"]
[SourceVersionDate "2003.11.25"]
[SourceQuality "1"]

1. e4 c6 2. c4 e5 3. Nf3 d6 4. Nc3 Bg4 5. h3 Bh5 6. g3 c5 7. Bg2 Nc6 8. 0-0 f6 9. Nd5 Nge7 10. d3 Qd7 11. Qa4 Bxf3 12. Bxf3 Nxd5 13. cxd5 Nd4 14. Qxd7+ Kxd7 15. Bd1 Be7 16. Be3 Bd8 17. f4 Ke7 18. Kg2 Re8 19. Re1 Ba5 20. g4 h6 21. h4 b5 22. g5 hxg5 23. hxg5 Bb6 24. Bg4 Rg8 25. Rh1 exf4 26. Bxf4 b4 27. g6 Bc7 28. Be3 Nb5 29. Be6 Rgd8 30. Kf3 1-0

[Event "Gyongyos Matra op 25th"]
[Site "Gyongyos"]
[Date "2002.07.26"]
[Round "4.1"]
[White "Portisch, Ferenc"]
[Black "Krivolapov, Konstantin"]
[Result "1/2-1/2"]
[WhiteElo "2313"]
[BlackElo "2371"]
[PlyCount "87"]
[EventDate "2002.08.04"]
[EventType "swiss"]
[EventRounds "9"]
[EventCountry "HUN"]
[SourceTitle "EXT 2004"]
[Source "ChessBase"]
[SourceDate "2003.11.25"]
[SourceVersion "1"]
[SourceVersionDate "2003.11.25"]
[SourceQuality "1"]

1. d4 b6 2. Nf3 Bb7 3. Nbd2 f5 4. g3 Nf6 5. Bg2 g6 6. 0-0 Bg7 7. b4 Ne4 8. Bb2 Nxd2 9. Qxd2 0-0 10. c4 e6 11. d5 Bxb2 12. Qxb2 exd5 13. Nd4 Qf6 14. cxd5 Na6 15. e3 Qd6 16. Nb5 Qxb4 17. Qxb4 Nxb4 18. Nxc7 Rac8 19. Rfc1 Nd3 20. Rc3 Nc5 21. Nb5 Ba6 22. Nd6 Ra8 23. a4 Rf6 24. Nb5 Bxb5 25. axb5 a5 26. bxa6 Rxa6 27. Rxa6 Nxa6 28. Ra3 Nc5 29. f3 Rf8 30. e4 fxe4 31. fxe4 Re8 32. Ra7 Kf7 33. Kf2 Nxe4+ 34. Bxe4 Rxe4 35. Rxd7+ Re7 36. Rd6 Rb7 37. Ke3 b5 38. Kd3 b4 39. Kc2 b3+ 40. Kb2 h5 41. Rc6 Rd7 42. Rc5 Rb7 43. Rc6 Rd7 44. Rc5 1/2-1/2

[Event "Gyongyos Matra op 25th"]
[Site "Gyongyos"]
[Date "2002.07.25"]
[Round "3.1"]
[White "Krivolapov, Konstantin"]
[Black "Devcic, Darko"]
[Result "1-0"]
[WhiteElo "2371"]
[BlackElo "2191"]
[PlyCount "53"]
[EventDate "2002.08.04"]
[EventType "swiss"]
[EventRounds "9"]
[EventCountry "HUN"]
[SourceTitle "EXT 2004"]
[Source "ChessBase"]
[SourceDate "2003.11.25"]
[SourceVersion "1"]
[SourceVersionDate "2003.11.25"]
[SourceQuality "1"]

1. e4 c5 2. c3 d5 3. exd5 Qxd5 4. d4 g6 5. Nf3 Bg7 6. dxc5 Qxc5 7. Be3 Qc7 8. Be2 Nf6 9. Na3 a6 10. Qa4+ Bd7 11. Qh4 Nc6 12. Rd1 b5 13. Bh6 0-0 14. 0-0 Be6 15. Ng5 Bxa2 16. Rd3 Be6 17. Re3 Bf5 18. g4 Qf4 19. Rh3 Bxh6 20. Qxh6 Bxg4 21. Rh4 Ne5 22. h3 Rad8 23. Nb1 Rd5 24. hxg4 Qxg5 25. Qxg5 Nf3+ 26. Bxf3 Rxg5 27. Bd1 1-0

[Event "Piremon Nyirsegi Torna op"]
[Site "Nyiregyhaza"]
[Date "2002.07.06"]
[Round "8"]
[White "Krivolapov, Konstantin"]
[Black "Lengyel, Ferenc"]
[Result "0-1"]
[WhiteElo "2371"]
[BlackElo "2267"]
[PlyCount "52"]
[EventDate "2002.06.29"]
[EventType "swiss"]
[EventRounds "9"]
[EventCountry "HUN"]
[SourceTitle "EXT 2004"]
[Source "ChessBase"]
[SourceDate "2003.11.25"]
[SourceVersion "1"]
[SourceVersionDate "2003.11.25"]
[SourceQuality "1"]

1. e4 c5 2. c3 d5 3. exd5 Qxd5 4. d4 Nc6 5. Nf3 Bg4 6. Be2 cxd4 7. cxd4 e6 8. h3 Bh5 9. Nc3 Qa5 10. 0-0 Nf6 11. g4 Bg6 12. Ne5 Bb4 13. Bf3 Rc8 14. Bg5 Bxc3 15. bxc3 Nxe5 16. dxe5 Nd5 17. Bxd5 exd5 18. Bd2 Rc4 19. Qb3 0-0 20. a4 Qc7 21. f4 Be4 22. Be1 Rc8 23. Ra2 Qc5+ 24. Bf2 Rxc3 25. Bxc5 Rxb3 26. Bxa7 Rxh3 0-1

[Event "Piremon Nyirsegi Torna op"]
[Site "Nyiregyhaza"]
[Date "2002.07.02"]
[Round "4"]
[White "Krivolapov, Konstantin"]
[Black "Bodrogi, Laszlo"]
[Result "1-0"]
[WhiteElo "2371"]
[BlackElo "2056"]
[PlyCount "41"]
[EventDate "2002.06.29"]
[EventType "swiss"]
[EventRounds "9"]
[EventCountry "HUN"]
[SourceTitle "EXT 2004"]
[Source "ChessBase"]
[SourceDate "2003.11.25"]
[SourceVersion "1"]
[SourceVersionDate "2003.11.25"]
[SourceQuality "1"]

1. e4 e6 2. d4 d5 3. exd5 exd5 4. Nf3 Bd6 5. c4 c6 6. Nc3 Ne7 7. Bd3 0-0 8. 0-0 Bf5 9. Be2 dxc4 10. Bxc4 Nd7 11. Nh4 Bg6 12. Nxg6 Nxg6 13. f4 Qh4 14. g3 Qh3 15. Ne4 Be7 16. f5 Nge5 17. dxe5 Nxe5 18. Be2 Rad8 19. Qc2 Rd5 20. Be3 Rfd8 21. Nf2 1-0

[Event "Sportland NRW Cup"]
[Site "Senden"]
[Date "2001.10.20"]
[Round "8"]
[White "Sturua, Zurab"]
[Black "Krivolapov, Konstantin"]
[Result "1-0"]
[WhiteElo "2571"]
[BlackElo "2383"]
[PlyCount "41"]
[EventDate "2001.10.13"]
[EventType "swiss"]
[EventRounds "9"]
[EventCountry "GER"]
[SourceTitle "CBM 084 Extra"]
[Source "ChessBase"]
[SourceDate "2001.10.26"]
[SourceVersion "1"]
[SourceVersionDate "2001.10.26"]
[SourceQuality "1"]

1. Nf3 g6 2. d4 Bg7 3. e4 c5 4. d5 Nf6 5. Nc3 0-0 6. e5 Ng4 7. Ng5 Nh6 8. h4 f6 9. Nge4 f5 10. Nxc5 Ng4 11. Be2 Nxe5 12. h5 Nf7 13. hxg6 hxg6 14. Qd3 e5 15. Qh3 Nd6 16. Qh7+ Kf7 17. Rh6 Qf6 18. Rxg6 Qxg6 19. Bh5 Qxh5 20. Qxh5+ Kg8 21. Bh6 1-0

[Event "Erkel Memorial op"]
[Site "Gyula"]
[Date "2000.11.05"]
[Round "8"]
[White "Krivolapov, Konstantin"]
[Black "Kantorik, Marian"]
[Result "1-0"]
[WhiteElo "2388"]
[BlackElo "2289"]
[PlyCount "25"]
[EventDate "2000.10.??"]
[EventType "swiss"]
[EventRounds "9"]
[EventCountry "HUN"]
[SourceTitle "EXT 2004"]
[Source "ChessBase"]
[SourceDate "2003.11.25"]
[SourceVersion "1"]
[SourceVersionDate "2003.11.25"]
[SourceQuality "1"]

1. e4 e6 2. d4 d5 3. exd5 exd5 4. Nf3 Bd6 5. c4 dxc4 6. Bxc4 Nf6 7. 0-0 0-0 8. Nc3 Bg4 9. h3 Bh5 10. g4 Bg6 11. Ne5 Ne4 12. Nxg6 hxg6 13. Nxe4 1-0

[Event "Gyongyos Matra Cup"]
[Site "Gyongyos"]
[Date "2000.??.??"]
[Round "?"]
[White "Foldi, Istvan"]
[Black "Krivolapov, Konstantin"]
[Result "1/2-1/2"]
[WhiteElo "2375"]
[BlackElo "2385"]
[PlyCount "21"]
[EventDate "2000.07.??"]
[EventType "swiss"]
[EventRounds "9"]
[EventCountry "HUN"]
[SourceTitle "EXT 2004"]
[Source "ChessBase"]
[SourceDate "2003.11.25"]
[SourceVersion "1"]
[SourceVersionDate "2003.11.25"]
[SourceQuality "1"]

1. d4 f5 2. g3 Nf6 3. Bg2 g6 4. Nh3 Bg7 5. Nf4 e6 6. c3 Qe7 7. Qb3 c6 8. Nd2 d6 9. Nd3 e5 10. dxe5 dxe5 11. e4 1/2-1/2